UBT Library

Besprechungen Organisieren : (Record no. 77)

000 -LEADER
fixed length control field 00481nam a22001697a 4500
008 - FIXED-LENGTH DATA ELEMENTS--GENERAL INFORMATION
fixed length control field 131009b xxu||||| |||| 00| 0 ger d
020 ## - INTERNATIONAL STANDARD BOOK NUMBER
International Standard Book Number 3831003092
041 0# - LANGUAGE CODE
Language code of text/sound track or separate title ger
080 ## - UNIVERSAL DECIMAL CLASSIFICATION NUMBER
Universal Decimal Classification number 141.145
100 1# - Rafti
Rafti Hindle, Tim
245 10 - TITLE STATEMENT
Title Besprechungen Organisieren :
Statement of responsibility, etc Tim Hindle
260 ## -
-- Münhen :
-- Dorling Kindersley ;
-- 2001
300 ## -
-- 72 f. :
-- me il. ;
-- 21 cm.
650 #0 -
-- Organizimi industrial
650 #0 -
-- Organizimi i takimeve
942 ## - ADDED ENTRY ELEMENTS (KOHA)
Source of classification or shelving scheme
Item type Books
Holdings
Withdrawn status Lost status Source of classification or shelving scheme Damaged status Not for loan Collection code Permanent location Current location Shelving location Date acquired Total Checkouts Full call number Barcode Date last seen Koha item type
          Koleksioni i përgjithshem UBT - Prishtine UBT - Prishtine Koleksioni i përgjithshem 01/24/2014   141.145 HIN 001-000070 01/24/2014 Books
UBT Library © 2015-2024. All rights reserved University Education for Business and Technology